000 00989nam a2200229Ia 4500
001 18023
003 GE_BSU
008 181216s||||||||xx |||||||||||||| ||und||
040 _cGE_BSU
080 _a81'1
245 _aთანამედროვე ზოგადი ენათმეცნიერების საკითხები. კრ. 5
245 _bსტატიების კრებული
245 _cრედ. თ.შარაძენიძე
250 _aსაქ. სსრ მეცნ. აკად. ენთმეცნიერების ინსტიტუტი
260 _aთბილისი
260 _bმეცნიერება
260 _c1980
300 _a130გვ.26სმ.
653 _aზოგადი ენათმეცნიერება
653 _aთანამედროვე ზოგადი ენათმეცნიერების საკითხები
942 _cBK
999 _c51066
_d51066